Placez les capitales d'Asie sur une carte - Statistiques

Statistiques générales
  • Ce quiz a été pris 1 084 fois
  • Le résultat moyen est 19 sur 48
Réponses sur la Carte
Les réponses sont colorées sur une échelle allant du rouge au vert en fonction du pourcentage des utilisateurs qui les ont devinées à leur premier essai. Vous pouvez retrouver ces pourcentages ci-dessous.
 
Statistiques - réponses
Réponse % Correct
Séoul
54%
Tokyo
54%
Jérusalem
52%
Doha
51%
Pyongyang
51%
Taipei
50%
Abou Dabi
49%
Beyrouth
49%
Koweït
49%
Ankara
48%
Nicosie
48%
Katmandou
47%
Tbilissi
47%
Bagdad
46%
Singapour
46%
Bakou
45%
Damas
45%
Erevan
45%
Phnom Penh
45%
Sri Jayawardenepura Kotte
45%
Dacca
43%
Bangkok
42%
Riyad
42%
Kuala Lumpur
41%
Manille
40%
Amman
39%
Kaboul
39%
Malé
38%
Téhéran
38%
Thimphou
36%
Vientiane
36%
Mascate
35%
Sanaa
35%
Jakarta
34%
Naypyidaw
34%
New Delhi
33%
Bandar Seri Begawan
32%
Hanoï
31%
Oulan-Bator
31%
Dili
30%
Manama
30%
Bichkek
29%
Pékin
29%
Islamabad
27%
Douchanbé
26%
Achgabat
21%
Tachkent
21%
Astana
15%
Aucun quiz correspondant
Distribution des résultats
% des personnes avec chaque résultat
Percentile par nombre de réponses
Votre historique - résultats
Vous n’avez pas pris ce quiz